Statistics for Which team is this player? #1 [IPL 2024]

Click here to take the quiz!

General Stats

  • This quiz has been taken 76 times
  • The average score is 9 of 10

Answer Stats

QuestionAnswer% Correct
Ruturaj GaikwadChennai Super Kings
97%
Virat KohliRoyal Challengers Bangalore
97%
Suryakumar YadavMumbai Indians
96%
KL RahulLucknow Super Giants
94%
Nitish RanaKolkata Knight Riders
91%
Aiden MarkramSunrisers Hyderabad
91%
Prithvi ShawDelhi Capitals
90%
Yashasvi JaiswalRajasthan Royals
89%
Kane WilliamsonGujarat Titans
71%
Jonny BairstowPunjab Kings
69%

Score Distribution

Percentile by Number Answered

Percent of People with Each Score

Your Score History

You have not taken this quiz